Electrical power systems : theory and practice

Main Author: Bandyopadhyay, M. N.
Language:English
Published: New Delhi, India: Prentice-Hall of India Private Limited, 2006.
Subjects:
LEADER 00578cam a2200169 7i4500
001 0000064702
005 20091123090000.0
008 091011s2006 inu eng
020 # 0 |a 9788120327832  
020 # 0 |a 8120327837  
090 0 0 |a TK 1191   |b .B3 2006 
100 1 # |a Bandyopadhyay, M. N.  
245 1 0 |a Electrical power systems :   |b theory and practice   |c M. N. Bandyopadhyay. 
260 # # |a New Delhi, India:   |b Prentice-Hall of India Private Limited,   |c 2006. 
300 # # |a xvi, 580 p.;   |c 28 cm.. 
650 0 0 |a Electric power systems  
999 |a 1100065517  |b Book  |c Open Shelf  |e KOLEKSI TERBUKA